00329nam a2200133Ia 4500008004100000041000800041082001000049100001400059245004300073260003300116650001600149906000900165999002100174240830s1995 xx 000 0 und d aeng a0 DAW aDAWN C.S. aTEXT BOOK OF OBSTERICS AND NEONATOLOGY bDAWN BOOK , CALCUTTA 4c1995 aGYANECOLOGY aN.D. c1195390d1195390